Building quantities explained

Сохранить в:
Библиографические подробности
Главный автор: SEELEY, Ivor H. Winfield, Roger
Формат:
Язык:английский
Опубликовано: Macmillan Press 2014
Метки: Добавить метку
Нет меток, Требуется 1-ая метка записи!

MARC

LEADER 00000nam a22000007a 4500
008 240315b |||||||| |||| 00| 0 eng d
020 |a 0333719727 
100 |a SEELEY, Ivor H.  |a Winfield, Roger 
245 |a Building quantities explained  |c /Ivor H.Seeley and Roger Winfield  |g xviii,406p;ill 
250 |b 5th 
260 |b Macmillan Press  |c 2014  |h London  |i 700924  |i 700925  |i 700926  |i 700927  |l TH435.Se3  |m Building-Estimates 
500 |a it includes index 
942 |a lcc  |c BK  |e Johnson  |f 16/03/24 
952 |0 0  |1 0  |2 lcc  |4 0  |6 TH0435 S E3  |7 0  |9 4988  |a EDM  |b HOL  |c QZ  |d 2024-03-15  |l 0  |o TH435.Se3  |p 2024-0239  |r 2024-03-15 00:00:00  |t 700924  |w 2024-03-15  |y BK 
952 |0 0  |1 0  |2 lcc  |4 0  |6 TH0435 S E3  |7 0  |9 4989  |a EDM  |b HOL  |c QZ  |d 2024-03-15  |l 0  |o TH435.Se3  |p 2024-0240  |r 2024-03-15 00:00:00  |t 700925  |w 2024-03-15  |y BK 
952 |0 0  |1 0  |2 lcc  |4 0  |6 TH0435 S E3  |7 0  |9 4990  |a HOL  |b HOL  |c QZ  |d 2024-03-15  |l 0  |o TH435.Se3  |p 2024-0241  |r 2024-03-15 00:00:00  |t 700926  |w 2024-03-15  |y BK 
952 |0 0  |1 0  |2 lcc  |4 0  |6 TH0435 S E3  |7 0  |9 4991  |a HOL  |b HOL  |c QZ  |d 2024-03-15  |l 0  |o TH435.Se3  |p 2024-0242  |r 2024-03-15 00:00:00  |t 700927  |w 2024-03-15  |y BK 
999 |c 2476  |d 2476